000 00385nam a2200145 i 4500
001 bg
100 1 _aNALIMOW, W. W.
245 0 _aStatystyczne metody planowania doświadczeń ekstremalnych /
_cW.W. Nalimow, R.A. Czernowa.
260 _aWarszawa,
_c1967.
700 1 _aCZERNOWA, N. A.
040 _cBPK
041 _apol
942 _cKS
008 s pl f |000 0 pol
999 _c19752
_d19752
856 _uhttp://koha.tu.koszalin.pl/cgi-bin/koha/opac-detail.pl?biblionumber=19752
_yKatalog online BPK